01387cas a22003135a 45000010009000000050017000090080041000260100017000670250022000840350023001060370124001290400020002530420007002730430012002800500016002920820012003082450103003202460034004232600059004573000017005163100014005335000078005475150023006256500046006486500039006947100050007337800117007832700173009001309294120050929095904.0030213c200u9999ii qr p 0 0eng  a 2003305950 aI-D-E-2003-305950 a(OCoLC)ocm51637336 bAll India Institute of Local Self-Government, Sthanikraj Bhavan, C.D. Barfiwala Marg, Andheri (W), Mumbai 400058, India aDLCcDLCdOCoLC alc aa-ii--- aJS7001b.L6 a352.162 aLocal government quarterly :bquarterly issue of the All India Institute of Local Self-Government. aQuarterly issue of the AIILSG aMumbai :bAll India Institute of local Self-Government av. ;c25 cm. aQuarterly aDescription based on: Vol. 72, no. 1-2 (Feb.-May 2002); title from cover. aSome no. combined. aMunicipal governmentzIndiavPeriodicals. aMunicipal governmentvPeriodicals. aAll-India Institute of Local Self-Government. tQuarterly journal of the All-India Institute of Local Self-Government, Bombayw(DLC) 94659119w(OCoLC)25800512 aM N Roy Human development Campus, Plot No. 6, F Block, TPS Road, Bandra (E)bMumbaie400051k26571713l26572115maiilsg@bom3.vsnl.net.in / dg@aiilsg.orgzwww.aiilsg.org